[Event "Let's Play Chess!"]
[Site "http://www.queenalice.com/game.php?id=1150456"]
[Date "2013.2.10"]
[Round "-"]
[White "chris70"]
[Black "friedrich"]
[Result "0-1"]
[WhiteElo "1334"]
[BlackElo "2107"]

1. e4 c5 2. Nf3 Nc6 3. d3 e6 4. Nc3 Nf6 5. Bg5 h6 6. Bxf6 Qxf6 7. Be2 Bd6 8. g3
O-O 9. Qd2 b5 10. O-O-O b4 11. Nb5 Bb8 12. d4 a6 0-1

[Event "AUTO-MASTER-1827"]
[Site "http://www.queenalice.com/game.php?id=1155857"]
[Date "2013.2.27"]
[Round "1"]
[White "friedrich"]
[Black "CCapivara"]
[Result "1-0"]
[WhiteElo "2196"]
[BlackElo "2098"]

1. d4 d5 2. c4 e5 3. dxe5 d4 4. Nf3 Nc6 5. g3 Bg4 6. Bg2 Nge7 7. O-O Qd7 8. Qb3
Rb8 9. Rd1 Ng6 10. Nc3 Be7 11. Nd5 O-O 12. Nxd4 Nxd4 13. Rxd4 Bxe2 14. Nf6+ Bxf6
15. Rxd7 Bxe5 16. h3 Bd6 17. Rxd6 cxd6 18. Qc2 Rfe8 19. Be3 1-0

[Event "AUTO-MASTER-1827"]
[Site "http://www.queenalice.com/game.php?id=1155858"]
[Date "2013.2.27"]
[Round "1"]
[White "CCapivara"]
[Black "friedrich"]
[Result "0-1"]
[WhiteElo "2053"]
[BlackElo "2213"]

1. e4 c5 2. Nf3 Nc6 3. d4 cxd4 4. Nxd4 Nf6 5. Nc3 e5 6. Ndb5 d6 7. Bg5 a6 8. Na3
b5 9. Nd5 Be7 10. Bxf6 Bxf6 11. c3 O-O 12. Nc2 Bg5 13. Nce3 Be6 14. Be2 Ne7 15.
O-O Bxe3 16. Nxe3 d5 17. exd5 Nxd5 18. Nxd5 Bxd5 19. Bf3 Bxf3 20. Qxf3 Qd2 21.
Rab1 Rad8 22. h4 Qc2 23. Rfc1 Qa4 24. h5 Qxa2 25. h6 Rfe8 26. Qg4 g6 27. b3 Qd2
28. Qh4 e4 29. Qf6 Qxh6 30. c4 Rd2 31. c5 Rd5 32. c6 Rh5 33. Kf1 e3 34. fxe3
Rh1+ 35. Kf2 Qxe3# 0-1

[Event "AUTO-MASTER-1827"]
[Site "http://www.queenalice.com/game.php?id=1155859"]
[Date "2013.2.27"]
[Round "1"]
[White "friedrich"]
[Black "leduar"]
[Result "1-0"]
[WhiteElo "2107"]
[BlackElo "1968"]

1. d4 Nf6 2. c4 g6 3. Nc3 Bg7 4. e4 d6 5. h3 O-O 6. Nf3 e5 7. d5 c6 8. Be3 cxd5
9. cxd5 Qa5 10. Nd2 a6 11. Nc4 Qb4 12. a3 1-0

[Event "AUTO-MASTER-1827"]
[Site "http://www.queenalice.com/game.php?id=1155860"]
[Date "2013.2.27"]
[Round "1"]
[White "leduar"]
[Black "friedrich"]
[Result "0-1"]
[WhiteElo "1968"]
[BlackElo "2127"]

1. e4 c5 2. Nf3 Nc6 3. d3 e6 4. Nc3 d5 5. exd5 exd5 6. Qe2+ Be7 7. Bg5 Nd4 8.
Nxd4 cxd4 9. Nb5 Qa5+ 10. Bd2 Qxb5 11. Rb1 Nf6 12. Bg5 O-O 13. Kd1 Re8 0-1

[Event "AUTO-MASTER-1827"]
[Site "http://www.queenalice.com/game.php?id=1155861"]
[Date "2013.2.27"]
[Round "1"]
[White "friedrich"]
[Black "Try_Me"]
[Result "1-0"]
[WhiteElo "2145"]
[BlackElo "2152"]

1. e4 c5 2. Nf3 Nc6 3. d4 cxd4 4. Nxd4 e5 5. Nb5 d6 6. N1c3 a6 7. Na3 Be6 8. Nc4
Rb8 9. Nd5 b5 10. Nce3 g6 11. a4 Nf6 12. axb5 axb5 13. Nxf6+ Qxf6 14. Ra6 Nd4
15. c3 Nb3 16. Nd5 Bxd5 17. Qxd5 Nxc1 18. Bxb5+ Kd8 19. Ra8 Nd3+ 20. Bxd3 Rxa8
21. Qxa8+ Ke7 22. Qb7+ Kd8 23. Qb8+ 1-0

[Event "AUTO-MASTER-1827"]
[Site "http://www.queenalice.com/game.php?id=1155862"]
[Date "2013.2.27"]
[Round "1"]
[White "Try_Me"]
[Black "friedrich"]
[Result "0-1"]
[WhiteElo "2152"]
[BlackElo "2172"]

1. d4 d5 2. c4 c6 3. Nf3 Nf6 4. g3 g6 5. Bg2 Bg7 6. O-O O-O 7. Nc3 dxc4 8. Ne5
Ng4 9. Nxg4 Bxg4 10. Be3 Qa5 11. h3 Be6 12. Bf4 Na6 13. a3 Rfd8 14. e3 g5 15.
Qh5 f6 16. Be4 h6 17. Bg6 b6 18. Kh2 gxf4 19. gxf4 Qxh5 20. Bxh5 Kh7 21. Rg1 f5
22. Rg3 Nc7 23. Bg6+ Kh8 24. Rag1 Bf6 25. Bh5 c5 26. Rg6 Kh7 27. d5 Nxd5 28. Bf3
Bf7 29. R6g3 Nxc3 30. bxc3 Rab8 31. e4 e5 32. exf5 exf4 0-1

[Event "AUTO-ELITE-1124"]
[Site "http://www.queenalice.com/game.php?id=1159607"]
[Date "2013.3.10"]
[Round "1"]
[White "friedrich"]
[Black "docb"]
[Result "1-0"]
[WhiteElo "2244"]
[BlackElo "2132"]

1. d4 d5 2. c4 e6 3. Nf3 Nf6 4. g3 a6 5. cxd5 exd5 6. Nc3 Bb4 7. Bg2 O-O 8. O-O
c6 9. Bf4 Nbd7 10. a3 Ba5 11. Nd2 Nh5 12. Bd6 Re8 13. e4 Nhf6 14. e5 Bxc3 15.
bxc3 Nb6 16. Qb3 Re6 17. a4 Rxd6 18. exd6 Qxd6 19. Qxb6 h5 20. c4 h4 21. Rfe1
hxg3 22. hxg3 Be6 23. cxd5 Nxd5 24. Qxb7 Rf8 25. Ne4 Qd8 26. Rac1 Kh7 27. Qxc6
Rh8 28. Nc5 Qg5 29. Nxe6 fxe6 30. Rxe6 Nb4 31. Be4+ 1-0

[Event "AUTO-ELITE-1124"]
[Site "http://www.queenalice.com/game.php?id=1159608"]
[Date "2013.3.10"]
[Round "1"]
[White "docb"]
[Black "friedrich"]
[Result "0-1"]
[WhiteElo "2149"]
[BlackElo "2227"]

1. e4 c5 2. Nc3 Nc6 3. g3 g6 4. Bg2 Bg7 5. f4 d6 6. Nf3 Nf6 7. O-O O-O 8. d3 Be6
9. h3 a5 10. Be3 a4 11. e5 Nd5 12. Nxd5 Bxd5 13. exd6 a3 14. dxe7 Qxe7 15. Re1
axb2 16. Rb1 Bxa2 17. Bd4 Bxd4+ 18. Nxd4 Qf6 19. Rxb2 Qxd4+ 20. Kh2 Qxb2 0-1

[Event "AUTO-ELITE-1124"]
[Site "http://www.queenalice.com/game.php?id=1159609"]
[Date "2013.3.10"]
[Round "1"]
[White "friedrich"]
[Black "PhilBFrance"]
[Result "0-1"]
[WhiteElo "2134"]
[BlackElo "2459"]

1. d4 d5 2. c4 Nf6 3. cxd5 g6 4. Qa4+ c6 5. dxc6 Nxc6 6. Nf3 Bg7 7. Nc3 O-O 8.
e4 Bd7 9. Be2 e5 10. dxe5 Nxe5 11. Qc2 Nxf3+ 12. Bxf3 Ng4 13. Bf4 Ne5 14. Be2
Nc6 15. O-O Nd4 16. Qd2 Bc6 17. Rfd1 Qc8 18. Bd3 Qe6 19. Bh6 Bxh6 20. Qxh6 Rad8
21. Rac1 Rd7 22. Qe3 Rfd8 23. Bf1 f5 24. e5 b6 25. Rd3 Qf7 26. f4 Qe7 27. Rcd1
Ne6 28. Rxd7 Rxd7 29. Rxd7 Qxd7 0-1

[Event "AUTO-ELITE-1124"]
[Site "http://www.queenalice.com/game.php?id=1159610"]
[Date "2013.3.10"]
[Round "1"]
[White "PhilBFrance"]
[Black "friedrich"]
[Result "1-0"]
[WhiteElo "2460"]
[BlackElo "2132"]

1. e4 c5 2. Nc3 Nc6 3. Nf3 Nf6 4. Bb5 g6 5. e5 Ng4 6. Bxc6 dxc6 7. h3 Nh6 8. O-O
Nf5 9. Re1 Bg7 10. Ne4 b6 11. Nf6+ Kf8 12. Ne4 Nd4 13. d3 Qc7 14. Bf4 Nxf3+ 15.
Qxf3 Bxe5 16. Bh6+ Bg7 17. Ng5 f6 18. Bxg7+ Kxg7 19. Ne6+ Bxe6 20. Rxe6 Rac8 21.
Rae1 Rhe8 22. Qe4 Kf7 23. h4 Qd7 24. h5 Rc7 25. Qf4 Kg7 26. h6+ Kf7 27. c3 Rb7
28. Qe3 Qd8 29. Rxc6 1-0

[Event "AUTO-OPEN-2913"]
[Site "http://www.queenalice.com/game.php?id=1175859"]
[Date "2013.4.27"]
[Round "2"]
[White "friedrich"]
[Black "anafab"]
[Result "0-1"]
[WhiteElo "2171"]
[BlackElo "1927"]

1. d4 d5 2. c4 e6 3. Nf3 c5 4. cxd5 exd5 5. Nc3 Nc6 6. g3 Nf6 7. Bg2 Be7 8. O-O
O-O 9. dxc5 Bxc5 10. Bg5 d4 0-1

[Event "AUTO-OPEN-2913"]
[Site "http://www.queenalice.com/game.php?id=1175864"]
[Date "2013.4.27"]
[Round "2"]
[White "friedrich"]
[Black "CliffOliveira"]
[Result "0-1"]
[WhiteElo "2239"]
[BlackElo "1843"]

1. d4 Nf6 2. c4 g6 3. g3 Bg7 4. Bg2 c6 5. e4 d6 6. Nc3 O-O 7. Nge2 e5 8. O-O
Nbd7 9. h3 exd4 10. Nxd4 Nc5 0-1

[Event "AUTO-OPEN-2913"]
[Site "http://www.queenalice.com/game.php?id=1175865"]
[Date "2013.4.27"]
[Round "2"]
[White "CliffOliveira"]
[Black "friedrich"]
[Result "1-0"]
[WhiteElo "1873"]
[BlackElo "2203"]

1. d4 d5 2. c4 c6 3. Nf3 Nf6 4. g3 dxc4 5. Bg2 Nbd7 6. Na3 b5 7. Ne5 Bb7 8. Nxb5
Nxe5 9. dxe5 Qxd1+ 10. Kxd1 O-O-O+ 11. Kc2 1-0